Geografía, ecología y forestación de la Sierra alta del Ecuador ; (Registro nro. 1824)

Detalles MARC
000 -CABECERA
Campo de control 00932nam a2200265 i 4500
005 - FECHA Y HORA DE LA ULTIMA TRANSACCION
Campo de control 20160213123051.0
008 - ELEMENTOS DE LONGITUD FIJA—INFORMACION GENERAL
Campo de control 140303b1998 ec ||||| |||| 00| 0 spa d
040 ## - FUENTE DE CATALOGACIÓN
Agencia catalogadora original CO-BoIAVH
Agencia transcriptora CO-BoIAVH
041 ## - IDIOMA
Código de idioma para texto/pista de sonido o título separado Español
044 ## - PAÍS DE PUBLICACIÓN
País de publicación Ecuador
082 04 - NUMERO DE CLASIFICACION DECIMAL DEWEY
Número de clasificación 577.09866
Número del ítem H71g
100 1# - ASIENTO PRINCIPAL--NOMBRE PERSONAL
Nombre personal Hofstede, Robert
9 (RLIN) 6722
245 10 - MENCION DE TITULO
Título Geografía, ecología y forestación de la Sierra alta del Ecuador ;
Parte restante del título revisión de literatura /
Mención de responsabilidad Robert Hofstede, Johana Lips y Wibold Jongsma y Jan Sevink.
260 ## - PUBLICACION, DISTRIBUCION, ETC. (PIE DE IMPRENTA)
Lugar de publicación, distribución, etc. Quito :
Nombre del editor, distribuidor, etc. Ediciones Abya-Yala,
Fecha de publicación, distribución, etc. 1998.
300 ## - DESCRIPCION FISICA
Extensión 242 páginas
650 14 - ASIENTO SECUNDARIO DE MATERIA - TERMINO TEMATICO
Término temático o nombre geográfico como elemento de entrada Geografía
Subdivisión geográfica Ecuador.
9 (RLIN) 59430
650 24 - ASIENTO SECUNDARIO DE MATERIA - TERMINO TEMATICO
Término temático o nombre geográfico como elemento de entrada Ecología
Subdivisión geográfica Ecuador.
9 (RLIN) 59431
650 24 - ASIENTO SECUNDARIO DE MATERIA - TERMINO TEMATICO
Término temático o nombre geográfico como elemento de entrada Forestación
Subdivisión geográfica Ecuador.
9 (RLIN) 59432
650 24 - ASIENTO SECUNDARIO DE MATERIA - TERMINO TEMATICO
Término temático o nombre geográfico como elemento de entrada Ecosistemas andinos
9 (RLIN) 59433
650 24 - ASIENTO SECUNDARIO DE MATERIA - TERMINO TEMATICO
Término temático o nombre geográfico como elemento de entrada Ecosistemas alpinos
9 (RLIN) 59434
700 1# - ASIENTO SECUNDARIO - NOMBRE PERSONAL
Nombre personal Lips, Johanna María,
Término de relación autora.
9 (RLIN) 11135
700 1# - ASIENTO SECUNDARIO - NOMBRE PERSONAL
Nombre personal Sevink, Jan,
Término de relación autor.
9 (RLIN) 13273
700 1# - ASIENTO SECUNDARIO - NOMBRE PERSONAL
Nombre personal Jongsma, Wibold,
Término de relación autor.
9 (RLIN) 13274
942 ## - ELEMENTOS ADICIONALES (KOHA)
Tipo de ítem Libro
Sistema de clasificación Dewey Decimal Classification
Existencias
Withdrawn status Lost status Sistema de Clasificación Damaged status No para préstamo Colección Inventariado Ubicación Permanente Ubicación actual Fecha de adquisición Fuente de Valor Valor Total Checkouts Número topográfico Inventario / Código de Barras Date last seen Ejemplar Price effective from Forma de adquisición Tipo de material
    Dewey Decimal Classification     General Inventariado 2017 Bogotá Bogotá 24/01/2001 Quiceno, María Paula 39000.00   LB-577.09866 H71g 002281 04/12/2012 Ej. 1 04/12/2012   Libro